| 000 | 00473nam a2200157 a 4500 | ||
|---|---|---|---|
| 001 | 71 | ||
| 003 | CDMR | ||
| 005 | 20130222133844.0 | ||
| 008 | 130130s1980||||||||||||||||||||||||||||d | ||
| 020 | _a8436102398 | ||
| 040 |
_aCDMR _bcat _cCDMR |
||
| 100 | 1 |
_aSalillas, José Manuel _970 |
|
| 245 | 1 | 0 |
_a50 años de EAJ 15 _b: Radio Associació de Catalunya, Radio España de Barcelona _cJosé Manuel Salillas ; Agustín Rafel Llena |
| 260 |
_aBarcelona _c1980 _bPicazo |
||
| 942 |
_cMON _2ddc |
||
| 999 |
_c71 _d71 |
||